000
00306nam a2200133Ia 4500
008
200103s9999||||xx |||||||||||||| ||und||
040
_a
IMU-MPC
082
_a
Column-65
100
_a
Zelenin, V.
245
0
_a
Strength your heart
260
_b
Mir Publishers, Moscow
_c
1979
300
_a
110
942
_c
BK
999
_c
11482
_d
11482